Técnicas de laboratorio para pruebas de materiales
Saved in:
| Hovedforfatter: | |
|---|---|
| Format: | Bog |
| Sprog: | spansk |
| Udgivet: |
Ciudad de México
Limusa-Wiley
1972
|
| Fag: | |
| Tags: |
Tilføj Tag
Ingen Tags, Vær først til at tagge denne postø!
|
MARC
| LEADER | 00000nam a2200000 a 4500 | ||
|---|---|---|---|
| 001 | UCU4672 | ||
| 003 | CL-VaPUC | ||
| 008 | 960524e19720000MX |||||||||||||||||spa|d | ||
| 082 | 0 | 4 | |a 620.112 |b KEY |2 21 |
| 100 | |a Keyser, Carl A |e author |9 362335 | ||
| 245 | 1 | 0 | |a Técnicas de laboratorio para pruebas de materiales |
| 300 | |a 98 p | ||
| 942 | |c BK | ||
| 945 | |d 19960524 00:00:00 |a paguirre | ||
| 260 | |a Ciudad de México |b Limusa-Wiley |c 1972 | ||
| 650 | 0 | |a Propiedades mecánicas |9 262507 | |
| 650 | 7 | |a TENSION |2 CL-VaPUC |9 362336 | |
| 650 | 0 | |a Fatiga |9 352569 | |
| 650 | 0 | |a Mecánica |9 260096 | |
| 650 | 0 | |a Aceros |9 260685 | |
| 650 | 7 | |a LABORATORIOS DE ENSAYOS |2 CL-VaPUC |9 362337 | |
| 650 | 0 | |a Control de calidad |9 259714 | |
| 650 | 7 | |a ESFUERZO MECANICA |2 CL-VaPUC |9 361207 | |
| 583 | |a last modification |c 19960524 00:00:00 |k Rodrigo Vera | ||
| 999 | |c 248286 |d 248284 | ||